Amatérska elektronika v domácnosti a při rekreaci /
Na minha lista:
| Main Authors: | , |
|---|---|
| Formato: | Livro |
| Idioma: | eslovaco |
| Publicado em: |
Praha :
SNTL,
1984
|
| Tags: |
Sem tags, seja o primeiro a adicionar uma tag!
|
MARC
| LEADER | 00000nam a22000003a 4500 | ||
|---|---|---|---|
| 001 | stu9484 | ||
| 005 | 20150617225806.8 | ||
| 008 | 970417s1984----cs------------------slo-d | ||
| 040 | |a STU |b slo | ||
| 041 | 0 | |a slo | |
| 044 | |a cs | ||
| 080 | |a 621.389 | ||
| 080 | |a 669 | ||
| 100 | 1 | |a Arendáš, Miroslav |4 aut | |
| 245 | 1 | |a Amatérska elektronika v domácnosti a při rekreaci / |c [aut.] Arendáš,Miroslav; Ručka,Milan | |
| 260 | |a Praha : |b SNTL, |c 1984 | ||
| 300 | |a 220 s | ||
| 700 | 1 | |a Ručka, Milan |4 aut | |
| 996 | |b 284EK04404 |c E*56601 |l EE01 |s A |a 24 |w stu9484_0001 | ||